[Event "4NCL Division 3s"]
[Site "Daventry Court ENG"]
[Date "2013.11.17"]
[Round "2.9"]
[White "Thompson, Robert"]
[Black "Paul, Nathanael"]
[Result "0-1"]
[WhiteElo "1962"]
[BlackElo "1869"]
[PlyCount "114"]
[EventDate "2013.11.17"]
[WhiteTeam "Bristol University"]
[BlackTeam "Shropshire"]

1. Nf3 c6 2. g3 d5 3. Bg2 Nf6 4. O-O e6 5. d4 Be7 6. Nbd2 O-O 7. c4 b6 8. Qc2
Bb7 9. e4 dxe4 10. Nxe4 Nbd7 11. Rd1 Nxe4 12. Qxe4 Nf6 13. Qe2 Qc7 14. Bf4 Bd6
15. Bxd6 Qxd6 16. Ne5 Qc7 17. b4 Rac8 18. c5 b5 19. a3 Nd5 20. Rd3 a5 21. Qd2
Ra8 22. Rb1 axb4 23. axb4 Ra4 24. g4 f6 25. Bxd5 exd5 26. Nf3 Raa8 27. Nh4 Bc8
28. Rg3 f5 29. h3 fxg4 30. hxg4 Rf4 31. Re1 Qf7 32. Nf5 Re4 33. Nd6 Rxe1+ 34.
Qxe1 Qe6 35. Qe5 Bd7 36. Kg2 Rf8 37. Qe3 Qf6 38. g5 Qf4 39. g6 hxg6 40. Rxg6
Qh4 41. Nb7 Rxf2+ 42. Qxf2 Qe4+ 43. Kh2 Qxg6 44. Nd6 Qh5+ 45. Kg1 Qg5+ 46. Kh2
Qf6 47. Qxf6 gxf6 48. Kg3 Kg7 49. Kf4 Kg6 50. Nb7 Kh5 51. Na5 Kh4 52. Nxc6 Bxc6
53. Kf5 Kg3 54. Kxf6 Kf4 55. Ke6 Ke4 56. Kd6 Ba8 57. c6 Kxd4 0-1

[Event "4NCL Division 3s"]
[Site "Daventry Court ENG"]
[Date "2013.11.17"]
[Round "2.11"]
[White "Brijmohun, K Louis"]
[Black "Pugh, Glyn D"]
[Result "1-0"]
[WhiteElo "1944"]
[BlackElo "1867"]
[PlyCount "29"]
[EventDate "2013.11.17"]
[WhiteTeam "Bristol University"]
[BlackTeam "Shropshire"]

1. e4 e6 2. d4 d5 3. Be3 dxe4 4. Nd2 Nf6 5. c3 b6 6. Qc2 Bb7 7. f3 exf3 8.
Ngxf3 Be7 9. Be2 Nbd7 10. O-O c5 11. Nc4 Nd5 12. dxc5 bxc5 13. Nfe5 f6 14. Bh5+
Kf8 15. Nf7 1-0

[Event "4NCL Division 3s"]
[Site "Daventry Court ENG"]
[Date "2013.11.17"]
[Round "2.12"]
[White "Tarr, Steve F"]
[Black "Meadows, Michael"]
[Result "1/2-1/2"]
[WhiteElo "1737"]
[BlackElo "1764"]
[PlyCount "54"]
[EventDate "2013.11.17"]
[WhiteTeam "Shropshire"]
[BlackTeam "Bristol University"]

1. d4 Nf6 2. Bf4 c5 3. c3 d5 4. e3 Nc6 5. Nd2 Bf5 6. Qb3 Qb6 7. dxc5 Qxb3 8.
Nxb3 e5 9. Bg3 Ne4 10. Bb5 Nxg3 11. hxg3 a6 12. Ba4 Bc2 13. Nf3 f6 14. Nfd2
O-O-O 15. Bxc6 bxc6 16. Na5 Bxc5 17. Nxc6 Rd6 18. Nb4 Bg6 19. Nb3 Bb6 20. Rd1
Rhd8 21. Rd2 a5 22. Nd3 d4 23. cxd4 exd4 24. Nf4 dxe3 25. fxe3 a4 26. Rxd6 Rxd6
27. Nd4 Bxd4 1/2-1/2

[Event "4NCL Division 3s"]
[Site "Daventry Court ENG"]
[Date "2013.11.17"]
[Round "2.13"]
[White "Young, Daniel J"]
[Black "Lewis, Christopher D"]
[Result "0-1"]
[WhiteElo "1755"]
[BlackElo "1715"]
[PlyCount "104"]
[EventDate "2013.11.17"]
[WhiteTeam "Bristol University"]
[BlackTeam "Shropshire"]

1. e4 c6 2. d4 d5 3. Nd2 dxe4 4. Nxe4 Bf5 5. Ng3 Bg6 6. Nf3 Nd7 7. h4 h6 8. h5
Bh7 9. Bd3 Bxd3 10. Qxd3 e6 11. Bd2 Bd6 12. Ne4 Be7 13. O-O-O Ngf6 14. Nxf6+
Nxf6 15. Ne5 Qd5 16. c4 Qe4 17. Qg3 Rg8 18. Bc3 Qf5 19. Qf3 Qxf3 20. Nxf3 Ng4
21. Rhf1 O-O-O 22. Ne5 Nxe5 23. dxe5 Rxd1+ 24. Rxd1 g6 25. hxg6 Rxg6 26. g3 Rg4
27. b3 h5 28. Rd4 Bc5 29. Rd2 h4 30. gxh4 Rxh4 31. Kd1 Rh3 32. Bd4 Bb4 33. Bxa7
Bxd2 34. Kxd2 b5 35. cxb5 cxb5 36. Be3 Kb7 37. Bf4 Kc6 38. Bg3 Rh8 39. Kc3 Ra8
40. a4 bxa4 41. bxa4 Rxa4 42. Kd3 Kd5 43. Ke3 Rb4 44. Kf3 Rb3+ 45. Kf4 Rxg3 46.
fxg3 Kd4 47. Kf3 Kxe5 48. Ke3 Kf5 49. Kf3 e5 50. g4+ Kg5 51. Ke4 Kxg4 52. Kxe5
f5 0-1

[Event "4NCL Division 3s"]
[Site "Daventry Court ENG"]
[Date "2013.11.17"]
[Round "2.21"]
[White "Twigge-Molecey, Billy"]
[Black "Price, Andrew"]
[Result "1/2-1/2"]
[WhiteElo "1770"]
[BlackElo "1866"]
[PlyCount "55"]
[EventDate "2013.11.17"]
[WhiteTeam "Sussex Smart Survivors 2"]
[BlackTeam "Banbury Bulldogs"]

1. e4 e6 2. d4 d5 3. e5 c5 4. c3 Nc6 5. Nf3 Qb6 6. Be2 cxd4 7. cxd4 Nh6 8. Nc3
Nf5 9. Na4 Qd8 10. O-O Be7 11. Bf4 Bd7 12. Rc1 g5 13. Be3 g4 14. Ne1 h5 15. Nc5
Bxc5 16. Rxc5 Qe7 17. Rb5 b6 18. Qd2 Rg8 19. Rb3 f6 20. exf6 Qxf6 21. Nc2 Ke7
22. Bb5 Nd6 23. Bd3 Nf5 24. Bxf5 Qxf5 25. Qd3 Rac8 26. Qxf5 exf5 27. Nb4 Nxb4
28. Rxb4 1/2-1/2

[Event "4NCL Division 3s"]
[Site "Daventry Court ENG"]
[Date "2013.11.17"]
[Round "2.22"]
[White "Evans, Chris John"]
[Black "Hinterreither, Nikolai"]
[Result "1-0"]
[WhiteElo "1818"]
[BlackElo "1732"]
[PlyCount "159"]
[EventDate "2013.11.17"]
[WhiteTeam "Banbury Bulldogs"]
[BlackTeam "Sussex Smart Survivors 2"]

1. e4 e5 2. Nc3 Nf6 3. f4 d5 4. fxe5 Nxe4 5. d3 Nxc3 6. bxc3 d4 7. Nf3 dxc3 8.
d4 Be7 9. Bc4 O-O 10. O-O Bg4 11. Qd3 Nc6 12. Be3 Na5 13. Qxc3 Nxc4 14. Qxc4
Be6 15. Qd3 c6 16. c3 b5 17. Qd2 Bc4 18. Rfe1 Rb8 19. Qf2 Qa5 20. Qg3 Kh8 21.
Bd2 Ba3 22. Ng5 h6 23. Ne4 Rg8 24. Qh4 Bf8 25. Re3 Qd8 26. Qh5 Bd5 27. Rf1 g6
28. Qh3 Be6 29. Qg3 Be7 30. Nf6 Bxf6 31. Rxf6 h5 32. Qg5 Rg7 33. Rg3 b4 34. h3
bxc3 35. Bxc3 a5 36. Qh6+ Rh7 37. Qd2 Rb5 38. Qf2 Rg7 39. Qd2 Rh7 40. a4 Rd5
41. Qf2 Rg7 42. Rgf3 Rg8 43. Qe3 Rg7 44. Kh2 Qa8 45. Qe1 Qd8 46. Qb1 Qe7 47.
Qb6 Qd7 48. R3f4 Kh7 49. Rh4 Kh6 50. Bxa5 Kh7 51. Bc3 Rg8 52. a5 Ra8 53. Qb2
Rb5 54. Qd2 c5 55. Qg5 cxd4 56. Bd2 Rh8 57. Rxh5+ Kg8 58. Rxh8+ Kxh8 59. Qh6+
Kg8 60. Rf4 Qd5 61. Qg5 d3 62. Rf3 Bf5 63. Re3 Rb2 64. Re1 Qa2 65. Rd1 Qb3 66.
Rf1 Qe6 67. Qe3 Rb5 68. Re1 Qd5 69. a6 Bc8 70. a7 Bb7 71. Qg3 Rb2 72. Qg5 Qa2
73. e6 Rxd2 74. exf7+ Kg7 75. f8=Q+ Kxf8 76. Qe7+ Kg8 77. Qxb7 Rxg2+ 78. Qxg2
Qxa7 79. Qxg6+ Kf8 80. Re8# 1-0

[Event "4NCL Division 3s"]
[Site "Daventry Court ENG"]
[Date "2014.01.11"]
[Round "3.55"]
[White "Gregory, Stephen J"]
[Black "Edgell, Ben P"]
[Result "0-1"]
[WhiteElo "2055"]
[BlackElo "2091"]
[PlyCount "152"]
[EventDate "2014.01.11"]
[WhiteTeam "Anglian Avengers 2"]
[BlackTeam "West is Best 1"]

1. e4 e5 2. Bc4 Nf6 3. Qe2 Nc6 4. Nf3 Be7 5. d3 O-O 6. c3 d6 7. Nbd2 Na5 8. Bb5
a6 9. Ba4 b5 10. Bc2 c5 11. Nf1 Re8 12. h3 Nc6 13. Ng3 d5 14. O-O dxe4 15. dxe4
Be6 16. Rd1 Qc7 17. Nh4 g6 18. Qf3 Kh8 19. Bg5 Ng8 20. Bxe7 Qxe7 21. Nhf5 Qf6
22. Rd6 Na5 23. b3 Qg5 24. Qe3 Qxe3 25. Nxe3 Ne7 26. Rad1 Kg7 27. Ne2 Nc8 28.
R6d2 Nb7 29. f4 exf4 30. Nxf4 Nb6 31. e5 Rad8 32. Be4 Rxd2 33. Rxd2 Rd8 34. Rf2
Rd7 35. g4 Nd8 36. h4 b4 37. cxb4 cxb4 38. h5 Rd4 39. Bg2 Nd7 40. hxg6 hxg6 41.
Nc2 Rd1+ 42. Kh2 Nxe5 43. Kg3 a5 44. Ne3 Rd4 45. Rc2 g5 46. Ne2 Rd3 47. Kf2
Nxg4+ 48. Nxg4 Bxg4 49. Be4 Rd6 50. Rc5 Ne6 51. Rxa5 Rd2 52. Bf3 Bxf3 53. Kxf3
Kg6 54. Ke3 Rd6 55. Ng3 Rc6 56. Nf5 Rc3+ 57. Kf2 Nf4 58. Ne3 Rd3 59. Nc4 f6 60.
Ne3 Rc3 61. Kf3 Ne6 62. Kf2 Nc5 63. Nd5 Ne4+ 64. Ke2 Ng3+ 65. Kf2 Ne4+ 66. Ke2
Rh3 67. Nxb4 f5 68. Nd3 f4 69. Ra6+ Kh5 70. Ne1 Re3+ 71. Kd1 f3 72. Nxf3 Rxf3
73. b4 g4 74. Ra8 g3 75. b5 g2 76. Rh8+ Kg4 0-1

[Event "4NCL Division 3s"]
[Site "Daventry Court ENG"]
[Date "2014.01.11"]
[Round "3.56"]
[White "Littlejohns, David P"]
[Black "LeMoir, David A"]
[Result "1/2-1/2"]
[WhiteElo "2024"]
[BlackElo "2110"]
[PlyCount "66"]
[EventDate "2014.01.11"]
[WhiteTeam "West is Best 1"]
[BlackTeam "Anglian Avengers 2"]

1. e4 e5 2. Nf3 Nc6 3. Bb5 a6 4. Ba4 d6 5. Bxc6+ bxc6 6. d4 f6 7. h3 Ne7 8. Nc3
Ng6 9. O-O Be7 10. Be3 O-O 11. Qd2 Bd7 12. Rad1 Qc8 13. Nh2 f5 14. f3 f4 15.
Bf2 exd4 16. Bxd4 Be6 17. Rfe1 Bh4 18. Bf2 Qd8 19. Bxh4 Qxh4 20. Qf2 Qf6 21.
Qd4 Ne5 22. Ng4 Bxg4 23. hxg4 Rab8 24. b3 c5 25. Qd2 Qg5 26. Qf2 g6 27. Kf1 Nc6
28. Nd5 Rf7 29. Ke2 a5 30. Rh1 Nd4+ 31. Kf1 c6 32. Nc3 Qe5 33. Na4 Rd7 1/2-1/2

[Event "4NCL Division 3s"]
[Site "Daventry Court ENG"]
[Date "2014.01.11"]
[Round "3.57"]
[White "Myall, Ivan J"]
[Black "Hassall, Mark I"]
[Result "1-0"]
[WhiteElo "2046"]
[BlackElo "1942"]
[PlyCount "61"]
[EventDate "2014.01.11"]
[WhiteTeam "Anglian Avengers 2"]
[BlackTeam "West is Best 1"]

1. e4 c5 2. c3 Nf6 3. e5 Nd5 4. d4 cxd4 5. Nf3 e6 6. cxd4 d6 7. a3 Nc6 8. Bd3
g6 9. O-O Bg7 10. Re1 Qc7 11. Qe2 O-O 12. Qe4 Bd7 13. Bg5 f5 14. exf6 Nxf6 15.
Qh4 Rae8 16. Nc3 a6 17. Rac1 b5 18. Bb1 Qa7 19. Be3 Qb7 20. Ne4 Nxe4 21. Bxe4
Bf6 22. Bg5 Bg7 23. d5 exd5 24. Bxd5+ Kh8 25. Be7 Rf5 26. Ng5 h6 27. Nf7+ Kh7
28. Nxd6 Qb6 29. Nxf5 gxf5 30. Bf7 Rc8 31. Bf6 1-0

[Event "4NCL Division 3s"]
[Site "Daventry Court ENG"]
[Date "2014.01.11"]
[Round "3.58"]
[White "Dydak, Mateusz"]
[Black "Wallis, Ian J"]
[Result "0-1"]
[WhiteElo "1928"]
[BlackElo "2009"]
[PlyCount "58"]
[EventDate "2014.01.11"]
[WhiteTeam "West is Best 1"]
[BlackTeam "Anglian Avengers 2"]

1. f4 Nf6 2. Nf3 d5 3. g3 c6 4. Bg2 Qb6 5. a4 a5 6. d4 g6 7. e3 Bg7 8. O-O O-O
9. Nbd2 Bf5 10. Ne5 Qc7 11. g4 Bc8 12. g5 Ne8 13. h4 Nd7 14. h5 Nxe5 15. fxe5
f6 16. exf6 exf6 17. e4 dxe4 18. Nxe4 Bf5 19. Ra3 Rd8 20. gxf6 Nxf6 21. Bf4 Qd7
22. Nc5 Qxd4+ 23. Qxd4 Rxd4 24. c3 Nd5 25. cxd4 Bxd4+ 26. Kh1 Bxc5 27. Raa1 Bd3
28. Bxd5+ cxd5 29. Bh6 Rxf1+ 0-1

[Event "4NCL Division 3s"]
[Site "Daventry Court ENG"]
[Date "2014.01.11"]
[Round "3.59"]
[White "Cook, Michael P"]
[Black "Taylor, William J"]
[Result "1/2-1/2"]
[WhiteElo "2026"]
[BlackElo "2003"]
[PlyCount "66"]
[EventDate "2014.01.11"]
[WhiteTeam "Anglian Avengers 2"]
[BlackTeam "West is Best 1"]

1. d4 Nf6 2. Nf3 g6 3. Nc3 d5 4. Bf4 Bg7 5. e3 O-O 6. Be2 c5 7. Ne5 cxd4 8.
exd4 Nc6 9. O-O Qb6 10. Nxc6 Qxc6 11. Bb5 Qb6 12. a4 Qa5 13. Re1 a6 14. Be2 Ne4
15. Nxe4 dxe4 16. c3 e5 17. dxe5 Bxe5 18. Bxe5 Qxe5 19. Qb3 Be6 20. Bc4 Rfe8
21. Rad1 Rac8 22. Bxe6 Qxe6 23. Qxe6 Rxe6 24. Rd4 Rb6 25. Rdxe4 Rxb2 26. Re8+
Rxe8 27. Rxe8+ Kg7 28. g3 Kf6 29. Kg2 g5 30. h3 h5 31. Kf3 g4+ 32. hxg4 hxg4+
33. Ke3 Rb3 1/2-1/2

[Event "4NCL Division 3s"]
[Site "Daventry Court ENG"]
[Date "2014.01.11"]
[Round "3.60"]
[White "Richardt, Mike"]
[Black "Lamont, Richard"]
[Result "1-0"]
[WhiteElo "1957"]
[BlackElo "1996"]
[PlyCount "94"]
[EventDate "2014.01.11"]
[WhiteTeam "West is Best 1"]
[BlackTeam "Anglian Avengers 2"]

1. d4 Nf6 2. c4 e5 3. dxe5 Ne4 4. Nf3 Bb4+ 5. Bd2 Nxd2 6. Nbxd2 Nc6 7. a3 Bf8
8. Ne4 Qe7 9. Qd5 a5 10. e3 a4 11. c5 Na5 12. Nd4 h6 13. f4 Qd8 14. Nf5 d6 15.
exd6 Be6 16. Qe5 cxd6 17. Nexd6+ Bxd6 18. Nxg7+ Kd7 19. Qxd6+ Kc8 20. Nxe6 Qxd6
21. cxd6 fxe6 22. e4 Rf8 23. g3 Kd7 24. e5 Rfc8 25. Bb5+ Nc6 26. Rc1 Kd8 27.
O-O Ra5 28. Be2 Kd7 29. Kf2 Rd5 30. Rfd1 Ra5 31. Rd2 Rf8 32. Ke3 Kd8 33. Rdc2
Rg8 34. Rc5 Ra8 35. Bb5 h5 36. R1c4 h4 37. Kf3 hxg3 38. hxg3 Na5 39. Rxa4 b6
40. Rc7 Rb8 41. b4 Nb3 42. Bd3 Nd4+ 43. Kg2 b5 44. Raa7 Rh8 45. a4 bxa4 46. b5
a3 47. Rxa3 Rc8 1-0

[Event "4NCL Division 3s"]
[Site "Daventry Court ENG"]
[Date "2014.01.11"]
[Round "3.65"]
[White "Grant, David J"]
[Black "Hall, John"]
[Result "1/2-1/2"]
[WhiteElo "2106"]
[BlackElo "2268"]
[PlyCount "61"]
[EventDate "2014.01.11"]
[WhiteTeam "Sussex Smart Survivors 1"]
[BlackTeam "Leeds University Old Boys"]

1. e4 c5 2. Nf3 d6 3. d4 cxd4 4. Nxd4 Nf6 5. Nc3 g6 6. Be3 Bg7 7. f3 Nc6 8. Qd2
O-O 9. O-O-O d5 10. exd5 Nxd5 11. Nxc6 bxc6 12. Bd4 Bxd4 13. Qxd4 Qb6 14. Na4
Qc7 15. Bc4 Rd8 16. g3 Bf5 17. Qc5 Nb6 18. Bb3 Rd6 19. Nc3 Nd7 20. Qe3 Nf6 21.
g4 Be6 22. Rxd6 exd6 23. Bxe6 Re8 24. Bxf7+ Qxf7 25. Qf4 Qe6 26. Rd1 d5 27. Na4
Nd7 28. b3 Rf8 29. Qd4 Ne5 30. Nc5 Qf6 31. Nd3 1/2-1/2

[Event "4NCL Division 3s"]
[Site "Daventry Court ENG"]
[Date "2014.01.11"]
[Round "3.67"]
[White "Cumming, Rhys"]
[Black "Mossong, Hubert"]
[Result "1/2-1/2"]
[WhiteElo "2033"]
[BlackElo "2112"]
[PlyCount "152"]
[EventDate "2014.01.11"]
[WhiteTeam "Sussex Smart Survivors 1"]
[BlackTeam "Leeds University Old Boys"]

1. e4 d6 2. d4 Nf6 3. Nc3 c6 4. h3 Qa5 5. Bd3 e5 6. Nf3 Be7 7. O-O O-O 8. Ne2
Nbd7 9. c3 Re8 10. Ng3 Nf8 11. Be3 Ng6 12. Qc2 h6 13. Nd2 Bd7 14. Rad1 b5 15.
a3 Rac8 16. b4 Qc7 17. Qb2 d5 18. Rfe1 Bd6 19. Nf5 dxe4 20. Nxd6 Qxd6 21. Nxe4
Nxe4 22. Bxe4 f5 23. dxe5 Qxe5 24. Rxd7 Qxe4 25. Qa2+ Qe6 26. Qxe6+ Rxe6 27.
Red1 Rce8 28. Rxa7 R8e7 29. Rdd7 Rxd7 30. Rxd7 Ne5 31. Rd8+ Kf7 32. Bd4 Nc4 33.
Rd7+ Re7 34. Rxe7+ Kxe7 35. Bxg7 h5 36. Kf1 Ke6 37. Ke2 f4 38. Kd3 Kd5 39. Bh6
Ne5+ 40. Kc2 f3 41. g3 Ke4 42. Bc1 Nc4 43. g4 hxg4 44. hxg4 Ne5 45. g5 Kf5 46.
Be3 Nc4 47. Kd3 Nxa3 48. Bc1 Nc4 49. g6 Ne5+ 50. Ke3 Kxg6 51. Ke4 Kf6 52. Be3
Ke6 53. Bd4 Nc4 54. Kxf3 Kf5 55. Ba7 Na3 56. Ke3 Ke5 57. Bb8+ Kd5 58. f4 Nc4+
59. Kd3 Nb2+ 60. Ke3 Nc4+ 61. Kf3 Nd2+ 62. Kg4 Ne4 63. Be5 c5 64. bxc5 Nxc5 65.
Bc7 Ne4 66. Ba5 Nd6 67. Bb4 Nf7 68. Kf5 Nd8 69. Kf6 Ne6 70. f5 Nf4 71. Kg5 Nh3+
72. Kf6 Nf4 73. Ba5 Kd6 74. Kg5 Nd5 75. f6 Ke6 76. Bd8 Kf7 1/2-1/2

[Event "4NCL Division 3s"]
[Site "Daventry Court ENG"]
[Date "2014.01.11"]
[Round "3.68"]
[White "Taylor, Mark V"]
[Black "Higgs, Anthony RJ"]
[Result "1-0"]
[WhiteElo "2089"]
[BlackElo "2001"]
[PlyCount "59"]
[EventDate "2014.01.11"]
[WhiteTeam "Leeds University Old Boys"]
[BlackTeam "Sussex Smart Survivors 1"]

1. d4 Nf6 2. c4 c5 3. d5 e5 4. Nc3 d6 5. e4 Be7 6. Bd3 Nbd7 7. Nge2 h5 8. Ng3
g6 9. Nf1 a6 10. a3 Rb8 11. b4 cxb4 12. axb4 Kf8 13. Qe2 Kg7 14. Ne3 Re8 15.
O-O Nh7 16. Bd2 Bg5 17. Rfc1 Ndf8 18. Na4 Bf4 19. c5 Ng5 20. Nb6 Nd7 21. Nxc8
Rxc8 22. c6 Nf6 23. g3 Ngxe4 24. Bxe4 Nxe4 25. gxf4 exf4 26. Ng2 Ng5 27. Qd3
Qb6 28. Bxf4 Ne4 29. Be3 Qxb4 30. Rcb1 1-0

[Event "4NCL Division 3s"]
[Site "Daventry Court ENG"]
[Date "2014.01.11"]
[Round "3.69"]
[White "Hoare, Amy B"]
[Black "Deighton, Simon"]
[Result "0-1"]
[WhiteElo "1960"]
[BlackElo "1996"]
[PlyCount "160"]
[EventDate "2014.01.11"]
[WhiteTeam "Sussex Smart Survivors 1"]
[BlackTeam "Leeds University Old Boys"]

1. e4 c5 2. c3 d5 3. exd5 Qxd5 4. d4 Nc6 5. Nf3 Bg4 6. Be2 cxd4 7. cxd4 e6 8.
Nc3 Qa5 9. h3 Bh5 10. d5 exd5 11. Nd4 Bxe2 12. Qxe2+ Be7 13. Nxc6 bxc6 14. O-O
Rd8 15. Re1 Kf8 16. Bf4 Qb4 17. Bc7 Rd7 18. Be5 h5 19. Rad1 Rh6 20. Ne4 Re6 21.
Ng3 Bf6 22. f4 g6 23. Qf2 Bxe5 24. Rxe5 Rxe5 25. fxe5 Qb6 26. Rd4 Re7 27. Qf4
Qc7 28. Kh2 Qxe5 29. Qf2 Nh6 30. Kg1 Kg7 31. Ra4 Qe1+ 32. Qxe1 Rxe1+ 33. Kf2
Re7 34. Ra6 Rc7 35. b4 h4 36. Ne2 Nf5 37. Nc3 Nd4 38. a3 Re7 39. a4 Rb7 40. b5
cxb5 41. axb5 Nxb5 42. Nxd5 Nc7 43. Nxc7 Rxc7 44. Kf3 f5 45. Kf4 Kh6 46. Ra4
Rf7 47. Ra6 Kh5 48. Ra5 g5+ 49. Kf3 Kg6 50. Ra6+ Kg7 51. Ke3 Re7+ 52. Kf3 Kf7
53. Kf2 Kf8 54. Kf3 Kg8 55. Rg6+ Rg7 56. Ra6 Kf8 57. Rf6+ Ke8 58. Ra6 Kd8 59.
Rf6 f4 60. Rf5 Kc7 61. Ke4 Kb6 62. Kd4 a5 63. Kc4 Rc7+ 64. Kb3 Rc5 65. Rf8 Re5
66. Ka4 Re4+ 67. Kb3 Re2 68. Rf6+ Kc7 69. Rf5 Rxg2 70. Rxa5 Kd6 71. Kc4 Ke6 72.
Kd4 f3 73. Ke3 Rg3 74. Kf2 Kf6 75. Rb5 Rxh3 76. Rc5 Rg3 77. Kf1 Rg2 78. Rc3 g4
79. Rc5 Ra2 80. Rc3 Kf5 0-1

[Event "4NCL Division 3s"]
[Site "Daventry Court ENG"]
[Date "2014.01.11"]
[Round "3.70"]
[White "Birkin, Mark H"]
[Black "Willson, Ollie"]
[Result "0-1"]
[WhiteElo "1927"]
[BlackElo "1833"]
[PlyCount "116"]
[EventDate "2014.01.11"]
[WhiteTeam "Leeds University Old Boys"]
[BlackTeam "Sussex Smart Survivors 1"]

1. e4 c5 2. Nf3 e6 3. d4 cxd4 4. Nxd4 Nc6 5. Nc3 Qc7 6. Be3 a6 7. Be2 Nf6 8.
O-O Be7 9. a4 O-O 10. Nb3 Rd8 11. a5 Re8 12. f4 d6 13. Kh1 Bd7 14. Bb6 Qb8 15.
g4 Rc8 16. g5 Ne8 17. Qd2 Bf8 18. Rf3 g6 19. Raf1 h5 20. gxh6 Bxh6 21. Rh3 Bg7
22. e5 Ne7 23. exd6 Bc6+ 24. Kg1 Qxd6 25. Rd3 Qb8 26. Nd4 Bd5 27. Nf3 Nd6 28.
Bd4 Bc4 29. Bxg7 Bxd3 30. Be5 Bxe2 31. Qxe2 Nef5 32. Qg2 Qa7+ 33. Kh1 Rxc3 34.
bxc3 Qc5 35. Qh3 Ng7 36. Qh6 Ndf5 37. Qh3 Qxa5 38. Nd4 Qd5+ 39. Rf3 Qd8 40.
Nxf5 exf5 41. Qh6 f6 42. Bd4 Qd5 43. Kg2 Kf7 44. Kf2 Rg8 45. Re3 Ne6 46. Rd3
Nxd4 47. Rxd4 Qc6 48. Rd3 Qe8 49. Qh7+ Rg7 50. Qh6 a5 51. Re3 Qd8 52. Ke2 Kg8
53. Rd3 Qe8+ 54. Re3 Re7 55. Rxe7 Qxe7+ 56. Kd3 Qh7 57. Qxh7+ Kxh7 58. Kc4 g5
0-1

[Event "4NCL Division 3s"]
[Site "Daventry Court ENG"]
[Date "2014.01.11"]
[Round "3.75"]
[White "Zhang, Anthony Y"]
[Black "Buckley, Graeme N"]
[Result "0-1"]
[WhiteElo "1886"]
[BlackElo "2337"]
[PlyCount "74"]
[EventDate "2014.01.11"]
[WhiteTeam "Sandhurst Scorpions"]
[BlackTeam "Guildford 3"]

1. d4 Nf6 2. Nf3 e6 3. c4 c5 4. d5 b5 5. Bg5 b4 6. e4 d6 7. Bd3 Be7 8. dxe6
Bxe6 9. e5 dxe5 10. Bxf6 Bxf6 11. Be4 Nd7 12. Qc2 Rc8 13. Nbd2 Bg5 14. Rd1 g6
15. Bb7 Bxd2+ 16. Qxd2 Rc7 17. Bd5 Qe7 18. O-O f6 19. a3 bxa3 20. bxa3 O-O 21.
Bxe6+ Qxe6 22. Qd6 Qxd6 23. Rxd6 Rb8 24. Nd2 f5 25. Rd1 e4 26. g4 Nb6 27. gxf5
gxf5 28. Kf1 Kf7 29. Ke2 Rg8 30. Rh6 Rg7 31. Rc1 Nd7 32. f3 Rg2+ 33. Ke1 e3 34.
Nb3 Ne5 35. Kf1 Rf2+ 36. Kg1 Nxf3+ 37. Kh1 Kg7 0-1

[Event "4NCL Division 3s"]
[Site "Daventry Court ENG"]
[Date "2014.01.11"]
[Round "3.76"]
[White "Osborne, Marcus E"]
[Black "Gallagher, Daniel GH"]
[Result "0-1"]
[WhiteElo "2267"]
[BlackElo "1802"]
[PlyCount "94"]
[EventDate "2014.01.11"]
[WhiteTeam "Guildford 3"]
[BlackTeam "Sandhurst Scorpions"]

1. d4 Nf6 2. Nf3 g6 3. c4 Bg7 4. Nc3 d6 5. e4 O-O 6. Be2 e5 7. d5 Na6 8. h3 Nc5
9. Qc2 a5 10. Bg5 h6 11. Be3 Qe7 12. O-O-O Bd7 13. g4 Ne8 14. Nd2 c6 15. h4 Nc7
16. h5 g5 17. Nf1 cxd5 18. exd5 N7a6 19. Ng3 Nb4 20. Qb1 Rac8 21. Bxc5 Rxc5 22.
a3 Na6 23. Qe4 Rcc8 24. Bd3 f5 25. Nxf5 Bxf5 26. gxf5 Rf6 27. Qe2 Nc5 28. Bc2
a4 29. Nxa4 Nxa4 30. Bxa4 Rxf5 31. Qg4 Rcf8 32. Bc2 Rf4 33. Qe6+ Qxe6 34. dxe6
Rxc4 35. Kb1 Rd4 36. Bg6 Bf6 37. Rxd4 exd4 38. Rc1 Bd8 39. Rc4 d3 40. Rc3 Rxf2
41. Rc8 Rf8 42. Rxd8 Rxd8 43. e7 Rc8 44. e8=Q+ Rxe8 45. Bxe8 d2 46. Ba4 g4 47.
Bd1 g3 0-1

[Event "4NCL Division 3s"]
[Site "Daventry Court ENG"]
[Date "2014.01.11"]
[Round "3.77"]
[White "Golding, Alex"]
[Black "Emerson, Roger"]
[Result "0-1"]
[WhiteElo "1683"]
[BlackElo "2218"]
[PlyCount "80"]
[EventDate "2014.01.11"]
[WhiteTeam "Sandhurst Scorpions"]
[BlackTeam "Guildford 3"]

1. e4 c6 2. d4 d5 3. e5 c5 4. dxc5 Nc6 5. f4 e6 6. Nf3 Bxc5 7. c3 a5 8. Bd3
Nge7 9. Qe2 Qb6 10. Nbd2 a4 11. Nf1 Bd7 12. Rb1 h5 13. Ne3 Na7 14. Nc2 Bb5 15.
Be3 Bxe3 16. Nxe3 Bxd3 17. Qxd3 Nac6 18. Ng5 g6 19. a3 Nf5 20. Nxf5 gxf5 21.
Nf3 Ra5 22. Nd4 Rc5 23. O-O Rc4 24. Rfd1 Rg8 25. Kf1 h4 26. b3 axb3 27. Rxb3
Qc5 28. Ne2 Rg4 29. Qf3 Re4 30. h3 Re3 31. Qf2 Rgg3 32. Nxg3 hxg3 33. Qb2 Qc4+
34. Kg1 Re2 35. Qb1 Qc5+ 36. Kh1 Rxg2 37. Rb2 Rf2 38. Rd4 Nxd4 39. Rxf2 gxf2
40. cxd4 Qxd4 0-1

[Event "4NCL Division 3s"]
[Site "Daventry Court ENG"]
[Date "2014.01.11"]
[Round "3.78"]
[White "Granat, Russell G"]
[Black "Golding, James"]
[Result "1/2-1/2"]
[WhiteElo "2184"]
[BlackElo "1555"]
[PlyCount "38"]
[EventDate "2014.01.11"]
[WhiteTeam "Guildford 3"]
[BlackTeam "Sandhurst Scorpions"]

1. e4 e5 2. Nf3 Nc6 3. Bb5 a6 4. Ba4 Nf6 5. O-O b5 6. Bb3 Bc5 7. c3 d6 8. d4
Bb6 9. dxe5 Nxe5 10. Nxe5 dxe5 11. Qxd8+ Kxd8 12. Bxf7 Nxe4 13. Bd5 Nxf2 14.
Bxa8 Rf8 15. Bg5+ Kd7 16. Nd2 Nd1+ 17. Kh1 Rxf1+ 18. Nxf1 Nf2+ 19. Kg1 Nh3+
1/2-1/2

[Event "4NCL Division 3s"]
[Site "Daventry Court ENG"]
[Date "2014.01.11"]
[Round "3.79"]
[White "Samadov, Samir"]
[Black "Sharpe, Ian W"]
[Result "0-1"]
[WhiteElo "1634"]
[BlackElo "2206"]
[PlyCount "84"]
[EventDate "2014.01.11"]
[WhiteTeam "Sandhurst Scorpions"]
[BlackTeam "Guildford 3"]

1. e4 e6 2. d4 d5 3. exd5 exd5 4. c4 Nf6 5. Bg5 Be7 6. Nc3 c6 7. h3 O-O 8. Nf3
Re8 9. Be3 Bd6 10. Qb3 Bf4 11. Nd1 Qa5+ 12. Qc3 Qxc3+ 13. bxc3 Nbd7 14. Be2 Bc7
15. cxd5 Nxd5 16. Bc4 N7f6 17. O-O Ne4 18. Bxd5 cxd5 19. Rc1 b5 20. Ne1 Bd6 21.
Nd3 a5 22. Rb1 Ba6 23. Bf4 b4 24. c4 Bxc4 25. N1b2 Bxf4 26. Nxc4 dxc4 27. Nxf4
Nd2 28. Nd5 Nxb1 29. Nc7 Nc3 30. d5 Rad8 31. d6 Re2 32. f4 Rxd6 33. Kh2 Re7 34.
Na8 Ra7 35. Rc1 Rxa8 36. a3 b3 37. f5 b2 38. Re1 Rd1 39. Re8+ Rxe8 40. f6 Re3
41. fxg7 b1=Q 42. a4 Rh1# 0-1

[Event "4NCL Division 3s"]
[Site "Daventry Court ENG"]
[Date "2014.01.11"]
[Round "3.80"]
[White "Kalaiyalahan, Akshaya"]
[Black "Purvis, Anna"]
[Result "1-0"]
[WhiteElo "1966"]
[BlackElo "1483"]
[PlyCount "109"]
[EventDate "2014.01.11"]
[WhiteTeam "Guildford 3"]
[BlackTeam "Sandhurst Scorpions"]

1. d4 d5 2. Nf3 c6 3. c4 Nf6 4. e3 Bf5 5. Nc3 e6 6. Nh4 Bg6 7. Qb3 Qc7 8. Nxg6
hxg6 9. Bd2 Nbd7 10. g3 Be7 11. Be2 Nb6 12. cxd5 Nfxd5 13. e4 Nxc3 14. bxc3 O-O
15. O-O Rfd8 16. Be3 c5 17. a4 Nd7 18. Rab1 b6 19. Rfd1 Nf6 20. Bf3 Rac8 21. h3
cxd4 22. cxd4 Qc4 23. Qxc4 Rxc4 24. Ra1 Bb4 25. Be2 Rcc8 26. Rab1 Be7 27. Bd3
Rc3 28. Rbc1 Rdc8 29. Bd2 Rxc1 30. Rxc1 Rxc1+ 31. Bxc1 Nd7 32. Bb5 Nf6 33. f3
Kf8 34. Kf2 Ne8 35. Bf4 Bd6 36. Bd2 Nc7 37. Bd3 Ke8 38. f4 Kd7 39. g4 Ba3 40.
h4 Bb2 41. Be3 Ba3 42. Ke2 Be7 43. Bf2 f6 44. Kf3 a6 45. e5 f5 46. h5 gxh5 47.
gxf5 exf5 48. Bxf5+ Kc6 49. Be4+ Kd7 50. d5 Bc5 51. Bf5+ Kd8 52. Bh4+ Ke8 53.
d6 Nd5 54. d7+ Kf7 55. e6+ 1-0